000 00791nam a22001697a 4500
003 OSt
005 20251217083719.0
008 251217b |||||||| |||| 00| 0 eng d
040 _cDCL
082 _a၂၉၄.၃၈၂၄၁
100 0 _aဇောတိကာဘိဝံသ၊
_cဘဒ္ဒန္တ-
245 1 0 _aအဋ္ဌသာလိနီပို့ချချက်မှတ်တမ်း /
_cဘဒ္ဒန္တဇောတိကာဘိဝံသ။
264 _aရန်ကုန် ၊
_bပဉ္စဂံစာအုပ်တိုက်၊
_c၂၀၁၆။
300 _a၃၆၈ စာမျက်နှာ ၊
_c၂၆ စင်တီ။
650 _aအဋ္ဌသာလိနီ
_vဘာသာဋီကာ။
942 _2ddc
_cSHORT TERM
_n0
999 _c2740
_d2740